000 00298nam a2200121Ia 4500
008 240731s9999 xx 000 0 und d
022 _a1464-0627
245 0 _aCognitive Neuropsychology
260 _bRoutledge
856 _uhttps://www.tandfonline.com/loi/pcgn20
942 _2ddc
942 _cTFEJ
999 _c75953
_d75953
945 _a1
_bMadushi Gamage
_c1
_dMadushi Gamage